Trenschin Teplitz Bad Nr. 1.

Zobrazenie: V bielom orámovaní - pohľad z chodníka na skupinu budov kúpeľného domu čiastočne porasteného popínavými krami, vpravo v popredí kvetinové záhony ; pohľadnica s lisovaným okrajom

Bibliographic Details
Format: Postcard
Language:German
Hungarian
PhysicalDescription:1 pohľadnica čiernobiela 9 x 14 cm
Published: Teplitz Verlag Wertheim Zsigmond [medzi 1869 a 1907?]
Subjects:

MARC

LEADER 00000ckm a2200000 a 4500
001 vtls011789617
003 SK-MaSNL
005 20260512123010.0
007 kp bo
008 230706q1869 xo g kuger
015 |a SNBG 
035 |a urn:nbn:sk:snk-km00eax8 
035 |a urn:nbn:sk:snk-km43g8z 
035 |a 15CE6B20-1975-4C58-8BC7-967E1C5841A3 
040 |a SNK  |b slo  |c SNK  |e AACR2 
041 0 |a ger  |a hun 
043 |a e-xo--- 
044 |a xo  |c SK 
072 7 |a 913  |x Regionálna geografia  |2 konspekt 
080 |a 913(437.6)  |2 2011 
080 |a 614.2:[725.1:614.21]  |2 2011 
080 |a 94(084.121)  |2 2011 
080 |a 711.455:615.838  |2 2011 
245 0 0 |a Trenschin Teplitz  |h grafika  |b Bad Nr. 1. 
246 3 1 |a Trenschin Teplitz  |b Fürdő 1. sz. 
260 |a Teplitz  |b Verlag Wertheim Zsigmond  |c [medzi 1869 a 1907?] 
300 |a 1 pohľadnica  |b čiernobiela  |c 9 x 14 cm 
500 |a Názvové údaje prevzaté z obrazovej časti pohľadnice 
500 |a Na obrazovej časti uvedené: "53279" 
520 8 |a Zobrazenie: V bielom orámovaní - pohľad z chodníka na skupinu budov kúpeľného domu čiastočne porasteného popínavými krami, vpravo v popredí kvetinové záhony ; pohľadnica s lisovaným okrajom 
546 |a Súbežný podnázov v maďarčine 
610 2 7 |a Kúpele Trenčianske Teplice (Slovensko)  |2 SNKKA  |9 189670 
650 0 7 |a liečebne  |2 SNKPH  |9 56920 
650 0 7 |a kúpele  |2 SNKPH  |9 1139 
651 7 |a Trenčianske Teplice (Slovensko)  |2 SNKPHgeo  |9 14503 
655 7 |a miestne pohľadnice  |2 SNKPH  |9 70510 
655 7 |a historické pohľadnice  |2 SNKPH  |9 159703 
752 |a Slovensko  |d Trenčianske Teplice 
852 |a Slovenská národná knižnica 
958 |a ONDV 
958 |a GBN 
958 |a GC 
999 |c 685992  |d 687922 
952 |a SNK  |b SNK  |y PREZ  |7 0  |p 17A1349635  |o snkSP 80271  |0 0  |1 0  |4 0  |d 2018-11-08  |f 1  |l 0  |r 2026-02-23 20:11:43  |w 2026-02-23